| 000 | 00612nam a2200193 a 4500 | ||
|---|---|---|---|
| 005 | 20240928063801.0 | ||
| 008 | 030604s2001 mx r 000 0 spa d | ||
| 020 | _a9681907841 | ||
| 035 | _aUPN01000124974 | ||
| 049 | _aCG | ||
| 050 | 4 |
_aF1219.3 P7 _bF5.3 |
|
| 100 | 1 |
_aFlorescano, Enrique, _d1937- _927909 |
|
| 245 | 1 | 0 |
_aEtnia, Estado y Nación : _bensayo sobre las identidades colectivas en México / _cEnrique Florescano. |
| 260 |
_aMéxico : _bTaurus, _c2001. |
||
| 300 |
_a572 p. _bil. |
||
| 650 | 4 |
_aIndígenas de México _xRelaciones con el gobierno _97938 |
|
| 650 | 2 |
_aEtnicidad _914176 |
|
| 905 | _aLibro | ||
| 999 |
_c97153 _d97153 |
||